Návrh solárneho systému pre prípravu teplej vody a výrobu chladu v rodinnom dome s využitím akumulácie chladu

Gespeichert in:
Bibliographische Detailangaben
1. Verfasser: Návratová, Diana (Verfasst von)
Weitere Verfasser: Masaryk, Michal (Betreuung Doktorarbeit)
Format: Manuskript Buch
Sprache:Slowakisch
Veröffentlicht: 2025
Schlagworte:
Online-Zugang:http://is.stuba.sk/zp/portal_zp.pl?podrobnosti=194388
Tags: Tag hinzufügen
Keine Tags, Fügen Sie das erste Tag hinzu!

MARC

LEADER 00000ntm a22000003a 4500
001 stuzp104232
003 SK-STU
005 20250628211347.5
007 ta
008 150427s2015----xo-----f-mn---000-0-slo-d
040 |a STU  |b slo 
041 0 |a slo 
100 1 |a Návratová, Diana  |u 020060  |4 aut  |U SjF Strojnícka fakulta  |T SjF Ústav energetických strojov a zariadení  |X 121734  |U J0060  |Y 805  |7 121734 
242 0 1 |a Solar system for water heating and cold production in family house supported by cold accumulators  |y eng 
245 1 0 |a Návrh solárneho systému pre prípravu teplej vody a výrobu chladu v rodinnom dome s využitím akumulácie chladu 
260 |c 2025 
650 4 |a akumulácia chladu  |2 slo 
650 4 |a solárny systém  |2 slo 
650 4 |a príprava teplej vody  |2 slo 
650 4 |a solar system  |2 eng 
650 4 |a water heating  |2 eng 
650 4 |a cold accumulation  |2 eng 
700 1 |a Masaryk, Michal  |u 020060  |k Z1  |4 ths  |U SjF Strojnícka fakulta  |T SjF Ústav energetických strojov a zariadení  |X 3392  |U J0060  |Y 805  |7 A000003392 
856 4 |u http://is.stuba.sk/zp/portal_zp.pl?podrobnosti=194388